000
00344pab a2200145 454500
008
180718b1984 xxu||||| |||| 00| 0 eng d
100
_a
Sen, P.C.
245
_a
Rehabilitation of sick private units
260
_c
1984
300
_a
290-3
362
_a
July-Sept.
650
_a
Industry - India
773
_a
State Enterprise
909
_a
10570
999
_c
10570
_d
10570